[Event "22nd ch-EUR Indiv 2022"]
[Site "Terme Catez SLO"]
[Date "2022.04.01"]
[Round "6.138"]
[White "Lavrencic, Matic"]
[Black "Kovalskyi, Roman"]
[Result "1-0"]
[WhiteElo "2159"]
[BlackElo "1807"]
[WhiteFideId "14637847"]
[BlackFideId "14184214"]
[EventDate "2022.03.27"]

1. e4 c5 2. Nf3 g6 3. c4 Nc6 4. d4 cxd4 5. Nxd4 Nf6 6. Nc3 d6 7. Be2 Nxd4 8.
Qxd4 Bg7 9. Be3 O-O 10. Qd2 a5 11. Rc1 a4 12. f3 Qa5 13. O-O Be6 14. b3 axb3 15.
axb3 Rfc8 16. Na4 Qxd2 17. Bxd2 Nd7 18. Be3 Rc6 19. f4 f6 20. Bf3 Rc7 21. Nc3
Nc5 22. Nb5 Rd7 23. Rb1 Rc8 24. Nd4 Bf7 25. Bg4 e6 26. Bf3 f5 27. exf5 exf5 28.
Nb5 Re8 29. Bf2 Ne4 30. Rbd1 d5 31. Rd3 Red8 32. Rfd1 Be6 33. c5 Rc8 34. b4 Ra8
35. Bd4 Bxd4+ 36. Rxd4 Ra4 37. Bxe4 fxe4 38. Nc3 Ra3 39. Nxe4 Kg7 40. Ng5 Bg8
41. Ne4 Rb3 42. c6 Re7 43. Nc5 Rb2 44. cxb7 Ree2 45. Nd3 Rxg2+ 46. Kf1 Ra2 47.
b8=Q Rxh2 48. Qe5+ Kf8 49. Qg5 Be6 50. f5 Bxf5 51. Qd8+ Kg7 52. Qc7+ Kh6 53.
Qxh2+ Rxh2 54. Kg1 Ra2 55. Nf4 Rb2 56. Nxd5 1-0

[Event "22nd ch-EUR Indiv 2022"]
[Site "Terme Catez SLO"]
[Date "2022.04.01"]
[Round "6.139"]
[White "Garsky, Vladyslav"]
[Black "Krzywda, Andrzej"]
[Result "0-1"]
[BlackTitle "CM"]
[WhiteElo "1768"]
[BlackElo "2152"]
[WhiteFideId "34100270"]
[BlackFideId "1114565"]
[EventDate "2022.03.27"]

1. e4 c5 2. c3 Nf6 3. e5 Nd5 4. Bc4 Nb6 5. Bb3 d5 6. d4 cxd4 7. cxd4 Bf5 8. Ne2
e6 9. O-O Nc6 10. Nbc3 Rc8 11. Kh1 Be7 12. Ng3 Bg6 13. f4 Bh4 14. Nce2 Ne7 15.
Bd2 Bxg3 16. Nxg3 h5 17. Bb4 h4 18. Ne2 Nf5 19. Qd2 Ng3+ 20. Nxg3 hxg3 21. h3
Be4 22. Kg1 Qd7 23. a4 Nc4 24. Qc3 Rh6 25. Rfc1 a5 26. Bxa5 Rc6 27. Qe1 Qc8 28.
Bc3 Kd7 29. a5 Qh8 30. Qf1 Rxh3 31. gxh3 g2 32. Qe2 Qxh3 33. Bxc4 dxc4 34. Qxe4
Qh1+ 35. Kf2 g1=Q+ 36. Rxg1 Qxe4 37. Rg4 Rc8 38. Rh4 g5 39. Rg4 Rh8 40. Rag1
gxf4 41. Rg7 Rh2+ 42. R1g2 Qe3+ 43. Kf1 Rh1+ 44. Rg1 Qf3+ 45. Ke1 Rh2 46. Rxf7+
Kc6 0-1

[Event "22nd ch-EUR Indiv 2022"]
[Site "Terme Catez SLO"]
[Date "2022.04.01"]
[Round "6.140"]
[White "Lorscheid, Gerhard"]
[Black "Fishchuk, Vladyslav"]
[Result "0-1"]
[WhiteTitle "FM"]
[WhiteElo "2150"]
[BlackElo "1760"]
[WhiteFideId "4606000"]
[BlackFideId "34122117"]
[EventDate "2022.03.27"]

1. c4 e5 2. g3 c6 3. Qa4 Nf6 4. Bg2 Na6 5. Nf3 e4 6. Nd4 Nc5 7. Qc2 d5 8. cxd5
Qxd5 9. Nb3 Bf5 10. Nc3 Qe5 11. O-O h5 12. Nxc5 Bxc5 13. d3 e3 14. f4 Qe6 15.
Ne4 Bb6 16. Qc4 Nd5 17. a4 h4 18. Ng5 Qd7 19. a5 Bd8 20. Bxd5 cxd5 21. Qa4 hxg3
22. hxg3 d4 23. Nf3 Bf6 24. Ne5 Bxe5 25. fxe5 O-O-O 26. Rf4 g5 27. Qxd7+ Bxd7 0-1

[Event "22nd ch-EUR Indiv 2022"]
[Site "Terme Catez SLO"]
[Date "2022.04.01"]
[Round "6.141"]
[White "Ghita, Vlad-Bogdan"]
[Black "Vagman, Roy"]
[Result "0-1"]
[BlackTitle "CM"]
[WhiteElo "1981"]
[BlackElo "2247"]
[WhiteFideId "1222198"]
[BlackFideId "2828995"]
[EventDate "2022.03.27"]

1. e4 c5 2. Nf3 e6 3. d4 cxd4 4. Nxd4 a6 5. c4 Nf6 6. Nc3 d6 7. Be2 Be7 8. O-O
O-O 9. Nc2 Qc7 10. Ne3 Nbd7 11. f4 b6 12. g4 Bb7 13. Qc2 h6 14. Ng2 d5 15. e5
Ne4 16. Nxe4 dxe4 17. h4 Rfd8 18. g5 hxg5 19. hxg5 g6 20. Ne3 Nc5 21. Bd2 Nd3
22. Kg2 Kg7 23. Kg3 Qd7 24. Rad1 Bc5 25. Ng4 Rh8 26. b4 Be7 27. Be3 Qc6 28. a3
Rad8 29. Nf6 Ba8 30. Rh1 a5 31. b5 Qc7 32. Rxh8 Rxh8 33. Rh1 Qd8 34. Qd1 Bxa3
35. Rxh8 Qxh8 36. Bxb6 Bb4 37. Bxd3 exd3 38. c5 Qh1 39. Qxh1 Bxh1 40. Ng4 Be1+
41. Kh2 d2 42. Ne3 Bf3 43. Bxa5 d1=Q 44. Nxd1 Bxa5 45. Nf2 Be2 46. b6 Bf3 47.
Kg3 Bd5 48. Nd3 Kf8 49. Kf2 Ke7 50. Ke3 Kd7 51. Nf2 Bb4 52. Nd3 Ba3 53. Kd4 Kc6
54. f5 gxf5 55. b7 Kxb7 56. Nf4 Bb2+ 57. Kd3 Bxe5 0-1

[Event "22nd ch-EUR Indiv 2022"]
[Site "Terme Catez SLO"]
[Date "2022.04.01"]
[Round "6.142"]
[White "Javornik, Nik"]
[Black "Roebers, Jan"]
[Result "1/2-1/2"]
[BlackTitle "FM"]
[WhiteElo "2002"]
[BlackElo "2156"]
[WhiteFideId "14636549"]
[BlackFideId "1007815"]
[EventDate "2022.03.27"]

1. e4 e5 2. Nf3 Nc6 3. Bb5 a6 4. Ba4 Nf6 5. O-O Be7 6. Re1 b5 7. Bb3 O-O 8. c3
d5 9. d4 exd4 10. e5 Ne4 11. cxd4 Bb4 12. Re3 Na5 13. Nc3 Bb7 14. Nd2 c5 15. Ne2
Nxb3 16. Nxb3 c4 17. Nd2 f6 18. Nxe4 dxe4 19. Rg3 fxe5 20. Bh6 Rf7 21. dxe5 Qe7
22. Bf4 Rd8 23. Qc2 Rd3 24. b3 Bd5 25. bxc4 Bxc4 26. h3 Qd8 27. Bg5 Qb6 28. Be3
Bc5 29. e6 Re7 30. Bxc5 Qxc5 31. Rg4 e3 32. fxe3 Qxe3+ 33. Kh1 Rd2 34. Rd1 Rxd1+
35. Qxd1 Qd3 36. Qxd3 Bxd3 37. Nd4 g6 38. a3 Bc4 39. Re4 Kg7 40. a4 Kf6 41. axb5
axb5 42. Re3 Rc7 43. Kh2 Bd5 44. e7 Rxe7 45. Rxe7 Kxe7 1/2-1/2

[Event "22nd ch-EUR Indiv 2022"]
[Site "Terme Catez SLO"]
[Date "2022.04.01"]
[Round "6.143"]
[White "Vaupot, Luka"]
[Black "Miftari, Hedon"]
[Result "1-0"]
[WhiteElo "2083"]
[BlackElo "1987"]
[WhiteFideId "14627671"]
[BlackFideId "15007065"]
[EventDate "2022.03.27"]

1. d4 Nf6 2. c4 e6 3. g3 d5 4. Nf3 Be7 5. Bg2 O-O 6. O-O dxc4 7. Qc2 a6 8. Qxc4
b5 9. Qc2 Bb7 10. Bd2 Be4 11. Qc1 Nc6 12. e3 b4 13. Ne5 Bxg2 14. Nxc6 Bxc6 15.
Qxc6 Qd7 16. Rc1 Bd6 17. Qc4 a5 18. a3 Rfc8 19. Qe2 c5 20. e4 Bf8 21. dxc5 Qd4
22. Be3 Qxe4 23. Nd2 Qb7 24. Bd4 Nd7 25. Qe4 Qxe4 26. Nxe4 bxa3 27. Rxa3 f5 28.
Nd2 Bxc5 29. Rac3 Bxd4 30. Rxc8+ Rxc8 31. Rxc8+ Kf7 32. Rc7 Ke8 33. Rb7 Nc5 34.
Rb8+ Kd7 35. Nb3 Nxb3 36. Rxb3 Kc6 37. Kf1 e5 38. Ke2 Kd5 39. Rb7 e4 40. Rb5+
Ke6 41. b3 Bc3 42. Rc5 Bb4 43. Rc7 Kf6 44. g4 fxg4 45. Ke3 h5 46. Kxe4 g6 47. f4
gxf3 48. Rc6+ Kg5 49. Kxf3 Kf5 50. Rb6 g5 51. Rb5+ Kg6 52. h3 Bd2 53. Rb8 Kf5
54. Rh8 g4+ 55. Ke2 gxh3 56. Rxh5+ Kg4 57. Rh7 Bb4 58. Kf1 Bd6 59. Kg1 h2+ 60.
Kg2 Kf4 61. Rxh2 Ke3 62. Rh3+ Kd2 63. Kf3 Bb4 64. Ke4 Kc2 65. Kd4 Be1 66. Kc4
Bb4 67. Rh2+ Kb1 68. Kb5 Bc3 69. Kc4 Bb4 70. Re2 Kc1 71. Kb5 Kd1 72. Ra2 Bc3 73.
Rxa5 Kc2 74. Ra3 Bb2 75. Ka4 1-0

[Event "22nd ch-EUR Indiv 2022"]
[Site "Terme Catez SLO"]
[Date "2022.04.01"]
[Round "6.145"]
[White "Van Hoolandt, Patrick"]
[Black "Arsenie, Cristian Marc"]
[Result "0-1"]
[WhiteTitle "FM"]
[WhiteElo "2065"]
[BlackElo "1952"]
[WhiteFideId "200999"]
[BlackFideId "1345923"]
[EventDate "2022.03.27"]

1. d4 Nf6 2. c4 e6 3. Nf3 d5 4. Nc3 Bb4 5. cxd5 exd5 6. Bg5 h6 7. Bh4 O-O 8. e3
Bf5 9. Qb3 Bxc3+ 10. bxc3 Nbd7 11. Be2 c5 12. O-O c4 13. Qb2 Qb6 14. Qc1 g5 15.
Bg3 Ne4 16. Nd2 Qe6 17. Nxe4 Bxe4 18. a4 a5 19. Qa3 Ra6 20. Rfe1 Re8 21. Qa2 Bg6
22. Bf1 Rc6 23. Rad1 f5 24. f3 Rb6 25. Bc7 Ra6 26. Rb1 Qc6 27. Bg3 Rb6 28. Bf2
Kg7 29. Rxb6 Nxb6 30. Ra1 Re6 31. Be2 Qe8 32. Kf1 Qc6 33. Kg1 Be8 34. Bd1 Re7
35. Bc2 Qe6 36. Rb1 g4 37. Re1 gxf3 38. gxf3 Bh5 39. Bd1 f4 40. Kg2 Kh8 41. h3
Rg7+ 42. Kh2 Qd6 43. Rg1 fxe3+ 44. Bg3 Qe6 45. Be5 Bg6 46. Qg2 Nd7 47. Qxg6 Qxg6
48. Rxg6 Nxe5 49. Rxg7 Kxg7 50. dxe5 d4 51. cxd4 c3 52. Kg3 e2 53. Bxe2 c2 54.
f4 c1=Q 55. Bb5 Qe3+ 56. Kg4 Qxd4 57. h4 h5+ 58. Kf5 Kf7 59. Be2 Qd7+ 60. Kg5
Qe7+ 61. Kxh5 Qe6 62. Bd3 Kg7 63. Kg5 Qb3 64. Bf5 Qxa4 65. h5 Qe8 66. h6+ Kh8
67. Be4 Qe7+ 68. Kg4 a4 69. Bd5 Qd7+ 0-1

[Event "22nd ch-EUR Indiv 2022"]
[Site "Terme Catez SLO"]
[Date "2022.04.01"]
[Round "6.146"]
[White "Dubnevych, Maksym"]
[Black "Franco, Alessandro P."]
[Result "1-0"]
[WhiteElo "2065"]
[BlackElo "1848"]
[WhiteFideId "14184001"]
[BlackFideId "865923"]
[EventDate "2022.03.27"]

1. e4 d5 2. exd5 Nf6 3. d4 Bg4 4. f3 Bf5 5. g4 Bg6 6. c4 e6 7. Nc3 Bb4 8. Qa4+
Nc6 9. dxc6 O-O 10. Qxb4 Qxd4 11. Nge2 1-0

[Event "22nd ch-EUR Indiv 2022"]
[Site "Terme Catez SLO"]
[Date "2022.04.01"]
[Round "6.147"]
[White "Yakimenko, Alexander A."]
[Black "Kodric, Gasper"]
[Result "1/2-1/2"]
[WhiteElo "2064"]
[BlackElo "1787"]
[WhiteFideId "24141917"]
[BlackFideId "14625814"]
[EventDate "2022.03.27"]

1. d4 d5 2. Nf3 Nf6 3. c4 c6 4. Nc3 e6 5. e3 Nbd7 6. Qc2 Bd6 7. a3 O-O 8. cxd5
exd5 9. Bd3 Re8 10. O-O Qe7 11. b4 a6 12. Bb2 Ne4 13. Ne2 f5 14. g3 Rf8 15. Rfe1
Rf6 16. Nf4 Rh6 17. Bf1 g5 18. Nd3 Qf7 19. Nfe5 Qh5 20. h3 Ndf6 21. Bg2 f4 22.
g4 Bxg4 23. Nxg4 Nxg4 24. f3 Nxe3 25. Rxe3 fxe3 26. fxe4 dxe4 27. Ne5 Bxe5 28.
dxe5 Rf8 29. Qb3+ Qf7 30. Qxe3 Qf4 31. Qb3+ Qf7 32. Qe3 Qf4 33. Re1 Rf7 34. Qd4
Rxh3 35. Bxh3 Qg3+ 36. Bg2 Qxe1+ 37. Kh2 Qh4+ 38. Kg1 Qe1+ 39. Kh2 Qh4+ 40. Kg1
Qe1+ 1/2-1/2

[Event "22nd ch-EUR Indiv 2022"]
[Site "Terme Catez SLO"]
[Date "2022.04.01"]
[Round "6.148"]
[White "Patt, Zafrir"]
[Black "Maksimovic, Masa"]
[Result "1-0"]
[BlackTitle "WFM"]
[WhiteElo "1771"]
[BlackElo "2063"]
[WhiteFideId "2840170"]
[BlackFideId "14408902"]
[EventDate "2022.03.27"]

1. e4 c5 2. Nf3 Nc6 3. d4 cxd4 4. Nxd4 Nf6 5. Nc3 d6 6. Bg5 e6 7. Qd2 a6 8. f4
Bd7 9. Bxf6 Qxf6 10. Nf3 Qd8 11. O-O-O Be7 12. Kb1 O-O 13. g4 b5 14. f5 Na5 15.
b3 b4 16. Ne2 Qb6 17. Ned4 Rfc8 18. Bd3 Nc6 19. Nxc6 Bxc6 20. Rdf1 Bf6 21. e5
Bxe5 22. Nxe5 dxe5 23. fxe6 Bxh1 24. exf7+ Kh8 25. Rxh1 Qd4 26. Qe2 Rf8 27. Rf1
Ra7 28. Qg2 e4 29. Bc4 Rd7 30. g5 Qe3 31. h4 Rd2 32. Qh1 g6 33. Rd1 Rxd1+ 34.
Qxd1 Qc3 35. Qd6 Qg7 36. Qxb4 e3 37. Qe7 e2 38. Qxe2 Qd4 39. Qe1 Kg7 40. a4 Rd8
41. Ka2 Kf8 42. Qe6 a5 43. Bb5 Qc5 44. Qe8+ Kg7 45. f8=Q+ Qxf8 46. Qe5+ 1-0

[Event "22nd ch-EUR Indiv 2022"]
[Site "Terme Catez SLO"]
[Date "2022.04.01"]
[Round "6.149"]
[White "Kotsinis, Alexandros"]
[Black "Tribushnaya, Olga"]
[Result "1-0"]
[WhiteElo "2055"]
[BlackElo "1716"]
[WhiteFideId "25870750"]
[BlackFideId "14123045"]
[EventDate "2022.03.27"]

1. d4 Nf6 2. c4 e6 3. g3 d5 4. Nf3 Bb4+ 5. Nc3 dxc4 6. Bg2 Nc6 7. O-O O-O 8. a3
Be7 9. e4 a6 10. Be3 b5 11. Qc2 Bb7 12. Rad1 Qc8 13. Bh3 Qb8 14. d5 exd5 15.
exd5 Nd8 16. Nh4 Re8 17. Nf5 Bf8 18. Bg5 Bc8 19. Bxf6 gxf6 20. Rfe1 Bxf5 21.
Bxf5 Nb7 22. Bxh7+ Kg7 23. Qf5 Qc8 24. Qh5 Re5 25. Rxe5 fxe5 26. Bf5 Qe8 27.
Qh7+ Kf6 28. Ne4+ Ke7 29. Qh4+ 1-0

[Event "22nd ch-EUR Indiv 2022"]
[Site "Terme Catez SLO"]
[Date "2022.04.01"]
[Round "6.150"]
[White "Kocharin, Timur"]
[Black "Bashylina, Luisa"]
[Result "0-1"]
[BlackTitle "WFM"]
[WhiteElo "1760"]
[BlackElo "2043"]
[WhiteFideId "16240936"]
[BlackFideId "12983292"]
[EventDate "2022.03.27"]

1. Nf3 Nf6 2. c4 g6 3. Nc3 d5 4. Qa4+ Bd7 5. Qb3 dxc4 6. Qxc4 Bg7 7. e4 O-O 8.
e5 Ne8 9. h4 Be6 10. Qe4 Nc6 11. h5 Bf5 12. Qf4 Qd7 13. hxg6 Bxg6 14. b3 Rd8 15.
Ba3 Nxe5 16. Nxe5 Bxe5 17. Qe3 Bf6 18. O-O-O Qf5 0-1

[Event "22nd ch-EUR Indiv 2022"]
[Site "Terme Catez SLO"]
[Date "2022.04.01"]
[Round "6.151"]
[White "Martinkus, Rolandas"]
[Black "Pasti, Zsombor"]
[Result "1-0"]
[WhiteTitle "FM"]
[WhiteElo "2033"]
[BlackElo "1773"]
[WhiteFideId "12800481"]
[BlackFideId "799173"]
[EventDate "2022.03.27"]

1. Nf3 d5 2. e3 Nf6 3. c4 c6 4. Nc3 Bf5 5. Qb3 Qb6 6. Qxb6 axb6 7. cxd5 cxd5 8.
Nd4 Bd7 9. Ndb5 Na6 10. d4 Rc8 11. a3 e6 12. Bd2 Kd8 13. f3 Nc7 14. Nxc7 Rxc7
15. e4 dxe4 16. fxe4 Bc6 17. Bd3 Rd7 18. O-O-O Rxd4 19. Be3 Rd7 20. Bxb6+ Kc8
21. b4 Re7 22. b5 Be8 23. Kb2 Nd7 24. Bf2 Ne5 25. Be2 Rd7 26. Na4 Rxd1 27. Rxd1
Nd7 28. Bg3 Be7 29. Rc1+ Kd8 30. Bc7+ Kc8 31. e5 Bg5 32. Rc4 Be3 33. Bb6+ Nc5
34. Bxc5 Bxb5 35. Bxe3+ Bxc4 36. Bxc4 Kc7 37. Bb5 f6 38. Bd4 Rf8 39. Bc5 Rc8 40.
Bd6+ Kd8 41. Nb6 1-0

[Event "22nd ch-EUR Indiv 2022"]
[Site "Terme Catez SLO"]
[Date "2022.04.01"]
[Round "6.152"]
[White "Zlatanovic, Marcus"]
[Black "Varney, Zoe"]
[Result "0-1"]
[BlackTitle "WCM"]
[WhiteElo "1680"]
[BlackElo "1998"]
[WhiteFideId "14626195"]
[BlackFideId "436135"]
[EventDate "2022.03.27"]

1. e4 e5 2. Nf3 Nc6 3. Bb5 a6 4. Ba4 Nf6 5. O-O Be7 6. Bxc6 dxc6 7. d3 Bd6 8.
Nbd2 Qe7 9. b3 Be6 10. Bb2 Nd7 11. d4 exd4 12. Nxd4 O-O-O 13. Qe2 f6 14. N2f3
Rhe8 15. Nxc6 bxc6 16. Qxa6+ Kb8 17. Qxc6 Nb6 18. a4 Bd7 19. Qc3 Bb4 20. Qe3
Qxe4 21. Qc1 Bg4 22. Nd4 Be2 23. f3 Qd5 24. Rf2 Ba6 25. c3 Bd6 26. c4 Qb7 27. c5
Be5 28. c6 Qc8 29. Nb5 Qe6 30. a5 Bxb2 31. Rxb2 Nc8 32. Qc4 Nd6 33. Nxd6 Bxc4
34. bxc4+ Ka8 35. Nb5 Qxc6 36. a6 Qc5+ 37. Kh1 Qe5 38. Rbb1 Rd2 39. a7 c6 40.
Na3 Rb2 41. Rd1 Qe2 42. Rg1 Ra2 0-1

[Event "22nd ch-EUR Indiv 2022"]
[Site "Terme Catez SLO"]
[Date "2022.04.01"]
[Round "6.153"]
[White "Henseler, Jorgen"]
[Black "Linnemann, Caspar"]
[Result "1/2-1/2"]
[WhiteElo "2059"]
[BlackElo "1773"]
[WhiteFideId "1023233"]
[BlackFideId "16200284"]
[EventDate "2022.03.27"]

1. e4 c5 2. Nf3 d6 3. d4 cxd4 4. Nxd4 Nf6 5. Nc3 a6 6. Be3 e6 7. f3 b5 8. Qd2
Bb7 9. O-O-O Be7 10. g4 O-O 11. g5 Nfd7 12. h4 Nc6 13. Kb1 Qc7 14. h5 Nde5 15.
Qg2 Nxd4 16. Bxd4 Rac8 17. g6 h6 1/2-1/2

[Event "22nd ch-EUR Indiv 2022"]
[Site "Terme Catez SLO"]
[Date "2022.04.01"]
[Round "6.154"]
[White "Kuznetsova, Elyzaveta"]
[Black "Palczert, Miklos"]
[Result "1/2-1/2"]
[WhiteElo "1366"]
[BlackElo "1770"]
[WhiteFideId "14189950"]
[BlackFideId "727938"]
[EventDate "2022.03.27"]

1. e4 c5 2. Nf3 d6 3. Bb5+ Nd7 4. Bxd7+ Bxd7 5. h3 Bc6 6. Nc3 Nf6 7. d3 e6 8.
O-O Qc7 9. b3 h6 10. a4 d5 11. exd5 Nxd5 12. Bb2 Nf4 13. Nb5 Bxb5 14. Be5 Bd6
15. Bxd6 Qxd6 16. axb5 g5 17. Re1 Qd7 18. b6 a6 19. Ne5 Qd5 20. Qf3 Qxf3 21.
Nxf3 Nd5 22. d4 cxd4 23. Nxd4 Nxb6 24. Nxe6 Kd7 25. Rad1+ Kc6 26. Nd4+ Kc5 27.
Nf5 Rad8 28. Rxd8 Rxd8 29. Nxh6 f6 30. Nf5 Kb4 31. Re7 Rd7 32. Rxd7 Nxd7 33. Kf1
b5 34. Ke2 Kc3 35. Ne3 a5 36. Kd1 a4 37. bxa4 bxa4 38. Kc1 Kd4 39. Kb2 Nc5 1/2-1/2

[Event "22nd ch-EUR Indiv 2022"]
[Site "Terme Catez SLO"]
[Date "2022.04.02"]
[Round "7.1"]
[White "Bluebaum, Matthias"]
[Black "Kuzubov, Yuriy"]
[Result "1-0"]
[WhiteTitle "GM"]
[BlackTitle "GM"]
[WhiteElo "2642"]
[BlackElo "2639"]
[WhiteFideId "24651516"]
[BlackFideId "14112906"]
[EventDate "2022.03.27"]

1. d4 Nf6 2. c4 e6 3. Nc3 Bb4 4. e3 O-O 5. Bd3 d5 6. cxd5 exd5 7. a3 Bd6 8. Qc2
c6 9. Nge2 Re8 10. Bd2 Nbd7 11. f3 c5 12. O-O-O g6 13. dxc5 Nxc5 14. g4 Bd7 15.
Nd4 Rc8 16. Kb1 Qb6 17. g5 Nh5 18. Nxd5 Qd8 19. Bb5 Be5 20. Bc3 Bxd4 21. Bxd7
Nxd7 22. Rxd4 Qxg5 23. Rdd1 Qh4 24. Rhg1 Qh3 25. Qa4 Ne5 26. Rg5 b5 27. Qb3 Rxc3
28. Nxc3 a6 29. f4 Ng4 30. Nd5 Kg7 31. Qc3+ Kh6 32. Rg1 f5 33. Rxf5 Qxh2 34.
Rxg4 Qh1+ 35. Ka2 1-0

[Event "22nd ch-EUR Indiv 2022"]
[Site "Terme Catez SLO"]
[Date "2022.04.02"]
[Round "7.2"]
[White "Jobava, Baadur"]
[Black "Sargissian, Gabriel"]
[Result "0-1"]
[WhiteTitle "GM"]
[BlackTitle "GM"]
[WhiteElo "2588"]
[BlackElo "2681"]
[WhiteFideId "13601520"]
[BlackFideId "13300881"]
[EventDate "2022.03.27"]

1. c4 e6 2. Nc3 d5 3. d4 Nf6 4. cxd5 exd5 5. Bg5 c6 6. e3 Bf5 7. g4 Be6 8. Bd3
Qb6 9. Bxf6 gxf6 10. Nge2 Bxg4 11. Rg1 h5 12. Qc2 Bd6 13. f4 Nd7 14. Kf2 Qd8 15.
Ng3 f5 16. Nxf5 Qf6 17. Rg3 Bb4 18. Ne2 Nb6 19. h3 Bxf5 20. Bxf5 Be7 21. Ng1 Nc4
22. Nf3 Nd6 23. Bd3 Qe6 24. Ke2 O-O-O 25. Rag1 Kb8 26. Qb3 Ka8 27. Ne5 Bh4 28.
f5 Qe8 29. R3g2 Bf6 30. Nf3 Qe7 31. Re1 Rhg8 32. Rxg8 Rxg8 33. Qd1 Rg2+ 34. Kf1
Rg3 35. Ke2 Rg2+ 36. Kf1 Rg3 37. Ke2 Bxd4 38. Kf2 Be5 39. e4 Rg8 40. Rg1 Re8 41.
exd5 cxd5 42. Re1 Ne4+ 43. Kf1 Bg3 44. Re2 Bc7 45. Bxe4 dxe4 46. Qa4 e3 47. Qh4
Qc5 48. Qxh5 Qd5 49. a3 a6 50. Qg4 f6 51. Rg2 Bb6 52. h4 Ka7 53. Re2 Rg8 54. Qf4
Qd1+ 55. Ne1 Rg1+ 56. Kxg1 Qxe2 57. Ng2 Qd1+ 58. Kh2 e2 59. Qe4 Bf2 0-1

[Event "22nd ch-EUR Indiv 2022"]
[Site "Terme Catez SLO"]
[Date "2022.04.02"]
[Round "7.3"]
[White "Gadimbayli, Abdulla"]
[Black "Ter-Sahakyan, Samvel"]
[Result "1/2-1/2"]
[WhiteTitle "IM"]
[BlackTitle "GM"]
[WhiteElo "2451"]
[BlackElo "2632"]
[WhiteFideId "13404938"]
[BlackFideId "13302531"]
[EventDate "2022.03.27"]

1. e4 c5 2. Nf3 d6 3. d4 cxd4 4. Nxd4 Nf6 5. Nc3 a6 6. Be3 e5 7. Nf3 Be7 8. h3
Be6 9. g4 Qa5 10. Nd2 d5 11. Nb3 Qd8 12. exd5 Nxd5 13. Bg2 Nxe3 14. Qxd8+ Bxd8
15. fxe3 Bh4+ 16. Kd1 Nc6 17. Nc5 O-O-O+ 18. Ke2 Bc4+ 19. Nd3 Be7 20. Be4 g6 21.
Rhf1 h5 22. Na4 Be6 23. Nac5 Bxc5 24. Nxc5 Bc4+ 25. Bd3 Bxd3+ 26. Nxd3 e4 27.
Nf2 f5 28. gxf5 gxf5 29. Nh1 Ne5 30. Ng3 Rhg8 31. Rxf5 Rxg3 32. Rxe5 Rg2+ 33.
Kf1 Rdd2 34. Rc5+ Kb8 35. Rd1 Rxc2 36. Rxc2 Rxc2 37. Rd4 Rxb2 38. a4 Kc7 39.
Rxe4 Kb6 40. Re5 Ra2 41. Rxh5 Rxa4 42. Ke2 Rc4 43. Kd3 Rc8 44. h4 a5 45. Rg5 a4
46. h5 a3 47. h6 a2 48. Rg1 Rh8 49. Ra1 Rxh6 50. Rxa2 Kc5 1/2-1/2

[Event "22nd ch-EUR Indiv 2022"]
[Site "Terme Catez SLO"]
[Date "2022.04.02"]
[Round "7.4"]
[White "Yilmaz, Mustafa"]
[Black "Saric, Ivan"]
[Result "1/2-1/2"]
[WhiteTitle "GM"]
[BlackTitle "GM"]
[WhiteElo "2624"]
[BlackElo "2687"]
[WhiteFideId "6302718"]
[BlackFideId "14508150"]
[EventDate "2022.03.27"]

1. d4 Nf6 2. c4 g6 3. Nc3 Bg7 4. e4 d6 5. Nf3 O-O 6. Be2 e5 7. O-O Na6 8. Be3
Qe7 9. Qc2 exd4 10. Nxd4 c6 11. Rad1 Re8 12. f3 d5 13. cxd5 Nb4 14. Qd2 Nbxd5
15. Bf2 Nxc3 16. bxc3 Nd7 17. Rfe1 Nc5 18. Bf1 Qc7 19. e5 Ne6 20. f4 Nxd4 21.
Qxd4 Be6 22. Bc4 1/2-1/2

[Event "22nd ch-EUR Indiv 2022"]
[Site "Terme Catez SLO"]
[Date "2022.04.02"]
[Round "7.5"]
[White "Kozul, Zdenko"]
[Black "Cheparinov, Ivan"]
[Result "1/2-1/2"]
[WhiteTitle "GM"]
[BlackTitle "GM"]
[WhiteElo "2619"]
[BlackElo "2672"]
[WhiteFideId "14502879"]
[BlackFideId "2905540"]
[EventDate "2022.03.27"]

1. d4 d5 2. c4 c6 3. Nf3 Nf6 4. Nc3 e6 5. Bg5 h6 6. Bxf6 Qxf6 7. e3 g6 8. Rc1
Nd7 9. Be2 Bg7 10. cxd5 exd5 11. b4 a6 12. a4 O-O 13. O-O Qd6 14. b5 axb5 15.
axb5 Nb6 16. Qb3 Rb8 17. Na4 Nxa4 18. Qxa4 Bd7 19. Ra1 c5 20. dxc5 Qxc5 21. Rfc1
Qb6 22. Qa7 Qxa7 23. Rxa7 Rfc8 24. Rxc8+ Bxc8 25. Nd4 Kf8 26. f4 Bxd4 27. exd4
Ke7 28. g4 g5 29. f5 Bd7 30. Kf2 Kd6 31. h3 f6 32. Ke1 Kc7 33. Kd2 Re8 34. Bd3
Rh8 35. Ra1 h5 36. Be2 hxg4 37. hxg4 Rh2 38. Ke3 Rh3+ 39. Kd2 Rh2 40. Ke3 Rh3+
41. Kd2 1/2-1/2

[Event "22nd ch-EUR Indiv 2022"]
[Site "Terme Catez SLO"]
[Date "2022.04.02"]
[Round "7.6"]
[White "Guseinov, Gadir"]
[Black "Bernadskiy, Vitaliy"]
[Result "1-0"]
[WhiteTitle "GM"]
[BlackTitle "GM"]
[WhiteElo "2661"]
[BlackElo "2606"]
[WhiteFideId "13401378"]
[BlackFideId "14100371"]
[EventDate "2022.03.27"]

1. e4 e5 2. Nf3 Nf6 3. d4 Nxe4 4. Bd3 d5 5. Nxe5 Nd7 6. Nc3 Nxe5 7. dxe5 Nxc3 8.
bxc3 Bc5 9. O-O O-O 10. Rb1 Qe7 11. Re1 c6 12. Be3 b6 13. Qh5 g6 14. Qh6 Re8 15.
Bg5 Qf8 16. Qh4 Be7 17. Bf6 Bxf6 18. exf6 Rxe1+ 19. Rxe1 Be6 20. Qf4 Qb8 21. Qh6
Qf8 22. Qf4 Qb8 23. Re5 Qd6 24. h4 Kf8 25. c4 Ke8 26. cxd5 cxd5 27. c4 dxc4 28.
Bxc4 Kd7 29. Bxe6+ fxe6 30. Qa4+ Kc7 31. Re1 a5 32. Rc1+ Kb7 33. Rd1 Qe5 34. f7
Rf8 35. Rd7+ 1-0